Joan Comorera / Miquel Caminal i Badia ; pròleg de J.A. González Casanova
MARC
| LEADER | 00000nam a2200000Ia 4500 | ||
|---|---|---|---|
| 001 | 17012, 17013 | ||
| 008 | 160829s1984 xx 000 0 cat d | ||
| 020 | |a 84-7596-006-5 (v.1), 84-7596-012-X (v.2) | ||
| 080 | |a H-2-300, H-2-301 | ||
| 100 | |a Caminal i Badia, Miquel |9 24376 | ||
| 245 | |a Joan Comorera / Miquel Caminal i Badia ; pròleg de J.A. González Casanova | ||
| 260 | |a Barcelona : |b Empúries, |c 1984 | ||
| 300 | |a v. ; |c 20 cm | ||
| 490 | |a Biblioteca universal Empúries ; 6- | ||
| 590 | |a Conté: v. 1: Catalanisme i socialisme, 1913-1936; v. 2: Guerra i revolució, 1936-1939 | ||
| 610 | 2 | 0 | |a Partit Socialista Unificat de Catalunya |x Història |9 54981 |
| 650 | |a Comorera, Joan |x Biografia |9 34217 | ||
| 650 | |a Comunisme I |9 34219 | ||
| 650 | |a Nacionalisme |x Catalunya |x S. XX |9 43849 | ||
| 650 | |a Polítics |x Catalunya |x S. XX |x Biografia |9 35264 | ||
| 650 | |a Socialisme |9 33371 | ||
| 651 | 0 | |a Espanya |x Història |y 1936-1939, Guerra Civil |9 55759 | |
| 700 | 1 | |a González Casanova, J. A. |q (Josep Antoni), |d 1935-2021 |e autor del pròleg |9 27886 | |
| 901 | |a Arxiu | ||
| 942 | |n 1 |2 udc | ||
| 952 | |0 0 |1 0 |4 0 |6 H2300_H2301 |7 1 |9 46430 |a Arxiu |b Arxiu |d 2016-12-01 |l 0 |o H-2-300, H-2-301 |p 17012, 17013 |r 2016-12-01 00:00:00 |w 2016-12-01 |y ARXIU | ||
| 999 | |c 50215 |d 50215 | ||